<?xml version="1.0" encoding="UTF-8"?>
<record
    xmlns:xsi="http://www.w3.org/2001/XMLSchema-instance"
    xsi:schemaLocation="http://www.loc.gov/MARC21/slim http://www.loc.gov/standards/marcxml/schema/MARC21slim.xsd"
    xmlns="http://www.loc.gov/MARC21/slim">

  <leader>02776nam a2200265 a 4500</leader>
  <controlfield tag="001">000000596</controlfield>
  <controlfield tag="003">DO-SdBNP</controlfield>
  <controlfield tag="005">20210729090014.0</controlfield>
  <controlfield tag="008">090331s2007    dr a          000 0 spa d</controlfield>
  <datafield tag="020" ind1=" " ind2=" ">
    <subfield code="a">9789945161250</subfield>
  </datafield>
  <datafield tag="020" ind1=" " ind2=" ">
    <subfield code="a">9945161253</subfield>
  </datafield>
  <datafield tag="040" ind1=" " ind2=" ">
    <subfield code="a">DO-SdBNP</subfield>
    <subfield code="b">spa</subfield>
    <subfield code="c">BNPHU</subfield>
  </datafield>
  <datafield tag="082" ind1=" " ind2=" ">
    <subfield code="a">306.097293</subfield>
    <subfield code="b">P438m</subfield>
  </datafield>
  <datafield tag="100" ind1="1" ind2=" ">
    <subfield code="a">P&#xE9;rez, Faustino</subfield>
    <subfield code="9">1945</subfield>
  </datafield>
  <datafield tag="245" ind1="1" ind2="0">
    <subfield code="a">Mab&#xED; en las venas /</subfield>
    <subfield code="c">Faustino P&#xE9;rez.</subfield>
  </datafield>
  <datafield tag="260" ind1=" " ind2=" ">
    <subfield code="a">Santo Domingo :</subfield>
    <subfield code="b">Faustino P&#xE9;rez,</subfield>
    <subfield code="c">2007.</subfield>
  </datafield>
  <datafield tag="300" ind1=" " ind2=" ">
    <subfield code="a">294 p. :</subfield>
    <subfield code="b">il. ;</subfield>
    <subfield code="c">22 cm.</subfield>
  </datafield>
  <datafield tag="505" ind1="0" ind2=" ">
    <subfield code="t">Los libros publicados --</subfield>
    <subfield code="t">Testimonio como escritor y como artista --</subfield>
    <subfield code="t">Mi libro favorito: de la mano del doctor del cigarro --</subfield>
    <subfield code="t">La fotograf&#xED;a como "reality constructor" --</subfield>
    <subfield code="t">La televisi&#xF3;n nunca ha sido una caja "boba" --</subfield>
    <subfield code="t">El internet ha cambiado nuestras vidas --</subfield>
    <subfield code="t">McLuhan no viajes en esa "yola" --</subfield>
    <subfield code="t">&#xBF;Cu&#xE1;l es es el "gancho" medi&#xE1;tico de Paris Hilton? --</subfield>
    <subfield code="t">Los grandes museos de arte del mundo occidental --</subfield>
    <subfield code="t">Fulano de tal --</subfield>
    <subfield code="t">Cuando a sir Winston lo llamaron "la chuchi" --</subfield>
    <subfield code="t">Papote el de Tonguita viaja a "sancri" pasando por "kilometro" --</subfield>
    <subfield code="t">"Despreoc&#xFA;pate, que lo tuyo est&#xE1; caminando" --</subfield>
    <subfield code="t">"Qu&#xED;tate t&#xFA; pa&#xB4; ponerme yo" --</subfield>
    <subfield code="t">El origen del dominicanismo "paquito" --</subfield>
    <subfield code="t">De donde son los "jevitos" --</subfield>
    <subfield code="t">Leyendas dominicanas: de la ciguapa al "muel&#xFA;" --</subfield>
    <subfield code="t">Yo figureo, t&#xFA; figureas, &#xE9;l figurea --</subfield>
    <subfield code="t">La cultura del "dame un chance" --</subfield>
    <subfield code="t">El origen del acr&#xF3;nimo "ASODOPICA" --</subfield>
    <subfield code="t">No hay jubilaci&#xF3;n para los de "ASODOPICA" --</subfield>
    <subfield code="t">Ponle un "se vende" que Crucita Yin no se ofende --</subfield>
    <subfield code="t">Graffiti nuestro de cada d&#xED;a --</subfield>
    <subfield code="t">R&#xE9;quiem por la "chica-b&#xED;per" --</subfield>
    <subfield code="t">Los "palomos" ya no revolotean en las playas de los "sanky pankys" --</subfield>
    <subfield code="t">Los t&#xED;gueres no devoran matatanes (1ra. parte) --</subfield>
    <subfield code="t">Los t&#xED;gueres no devoran matatanes (2da parte) --</subfield>
    <subfield code="t">Trujillo o Rubirosa: &#xBF;qui&#xE9;n es el "mach&#xF3;metro" dominicano? --</subfield>
    <subfield code="t">La informaci&#xF3;n en la cultura del "colmad&#xF3;n-pitekus" --</subfield>
    <subfield code="t">Las siete t&#xE9;cnicas b&#xE1;sicas del chisme dominicano --</subfield>
    <subfield code="t">No dejes que te den "cuerda" (1ra. parte) --</subfield>
    <subfield code="t">No dejes que te den "cuerda" (2da. parte) --</subfield>
    <subfield code="t">No dejes que te den "cuerda" (3ra. parte) --</subfield>
    <subfield code="t">No dejes que te den "cuerda" (4ta. parte) --</subfield>
    <subfield code="t">Apuntes sobre la gestualidad dominicana --</subfield>
    <subfield code="t">Lo que comunica una cara, o el lenguaje de las arrugas.</subfield>
  </datafield>
  <datafield tag="505" ind1="0" ind2=" ">
    <subfield code="t">El lenguaje de las manos y el lenguaje de los anillos de Faustino P&#xE9;rez --</subfield>
    <subfield code="t">El erotismo gestual en las dominicanas (1ra. parte) --</subfield>
    <subfield code="t">El erotismo gestual en las dominicanas (2da. parte --</subfield>
    <subfield code="t">El erotismo gestual en las dominicanas (3ra. parte) --</subfield>
    <subfield code="t">El erotismo gestual en las dominicanas (4ta. parte) --</subfield>
    <subfield code="t">Curriculum de Faustino P&#xE9;rez.</subfield>
  </datafield>
  <datafield tag="590" ind1=" " ind2=" ">
    <subfield code="a">Inventariado, 2018/MFF</subfield>
  </datafield>
  <datafield tag="650" ind1="1" ind2="4">
    <subfield code="a">Identidad cultural</subfield>
    <subfield code="z">Rep&#xFA;blica Dominicana</subfield>
    <subfield code="9">1946</subfield>
  </datafield>
  <datafield tag="651" ind1="1" ind2="4">
    <subfield code="a">Rep&#xFA;blica Dominicana</subfield>
    <subfield code="x">Cultura popular</subfield>
    <subfield code="9">1947</subfield>
  </datafield>
  <datafield tag="910" ind1=" " ind2=" ">
    <subfield code="a">Validado, Control de calidad MFF</subfield>
  </datafield>
  <datafield tag="942" ind1=" " ind2=" ">
    <subfield code="2">ddc</subfield>
    <subfield code="c">LBS1</subfield>
  </datafield>
  <datafield tag="952" ind1=" " ind2=" ">
    <subfield code="0">0</subfield>
    <subfield code="1">0</subfield>
    <subfield code="5">6</subfield>
    <subfield code="7">0</subfield>
    <subfield code="8">DS</subfield>
    <subfield code="a">BNPHU</subfield>
    <subfield code="b">BNPHU</subfield>
    <subfield code="c">HD</subfield>
    <subfield code="d">2009-08-20</subfield>
    <subfield code="i">LF1</subfield>
    <subfield code="l">0</subfield>
    <subfield code="o">306.097293 P438m</subfield>
    <subfield code="p">596-30</subfield>
    <subfield code="r">2020-06-25</subfield>
    <subfield code="t">e. 3</subfield>
    <subfield code="w">2020-06-25</subfield>
    <subfield code="y">LF1</subfield>
    <subfield code="Z">Pr&#xE9;stamo en sala</subfield>
  </datafield>
  <datafield tag="952" ind1=" " ind2=" ">
    <subfield code="0">0</subfield>
    <subfield code="1">0</subfield>
    <subfield code="5">6</subfield>
    <subfield code="7">0</subfield>
    <subfield code="8">DS</subfield>
    <subfield code="a">BNPHU</subfield>
    <subfield code="b">BNPHU</subfield>
    <subfield code="c">HD</subfield>
    <subfield code="d">2009-08-20</subfield>
    <subfield code="i">LF1</subfield>
    <subfield code="l">0</subfield>
    <subfield code="o">306.097293 P438m</subfield>
    <subfield code="p">596-40</subfield>
    <subfield code="r">2020-06-25</subfield>
    <subfield code="t">e. 4</subfield>
    <subfield code="w">2020-06-25</subfield>
    <subfield code="y">LF1</subfield>
    <subfield code="Z">Pr&#xE9;stamo en sala</subfield>
  </datafield>
  <datafield tag="952" ind1=" " ind2=" ">
    <subfield code="0">0</subfield>
    <subfield code="1">0</subfield>
    <subfield code="5">6</subfield>
    <subfield code="7">0</subfield>
    <subfield code="8">DS</subfield>
    <subfield code="a">BNPHU</subfield>
    <subfield code="b">BNPHU</subfield>
    <subfield code="c">HD</subfield>
    <subfield code="d">2009-08-20</subfield>
    <subfield code="i">LF1</subfield>
    <subfield code="l">0</subfield>
    <subfield code="o">306.097293 P438m</subfield>
    <subfield code="p">596-50</subfield>
    <subfield code="r">2020-06-25</subfield>
    <subfield code="t">e. 5</subfield>
    <subfield code="w">2020-06-25</subfield>
    <subfield code="y">LF1</subfield>
    <subfield code="Z">Pr&#xE9;stamo en sala</subfield>
  </datafield>
  <datafield tag="952" ind1=" " ind2=" ">
    <subfield code="0">0</subfield>
    <subfield code="1">0</subfield>
    <subfield code="5">3</subfield>
    <subfield code="7">1</subfield>
    <subfield code="8">PD</subfield>
    <subfield code="a">BNPHU</subfield>
    <subfield code="b">BNPHU</subfield>
    <subfield code="c">HD</subfield>
    <subfield code="d">2009-08-20</subfield>
    <subfield code="i">LF1</subfield>
    <subfield code="l">0</subfield>
    <subfield code="o">306.097293 P438m</subfield>
    <subfield code="p">596-10</subfield>
    <subfield code="r">2020-06-25</subfield>
    <subfield code="w">2020-06-25</subfield>
    <subfield code="y">LF1</subfield>
    <subfield code="Z">No se presta</subfield>
  </datafield>
  <datafield tag="952" ind1=" " ind2=" ">
    <subfield code="0">0</subfield>
    <subfield code="1">0</subfield>
    <subfield code="5">3</subfield>
    <subfield code="7">1</subfield>
    <subfield code="8">PD</subfield>
    <subfield code="a">BNPHU</subfield>
    <subfield code="b">BNPHU</subfield>
    <subfield code="c">HD</subfield>
    <subfield code="d">2009-08-20</subfield>
    <subfield code="i">LF1</subfield>
    <subfield code="l">0</subfield>
    <subfield code="o">306.097293 P438m</subfield>
    <subfield code="p">596-20</subfield>
    <subfield code="r">2020-06-25</subfield>
    <subfield code="t">e. 2</subfield>
    <subfield code="w">2020-06-25</subfield>
    <subfield code="y">LF1</subfield>
    <subfield code="Z">No se presta</subfield>
  </datafield>
  <datafield tag="999" ind1=" " ind2=" ">
    <subfield code="c">594</subfield>
    <subfield code="d">594</subfield>
  </datafield>
</record>
